01473nam a2200325 a 4500001001000000003000900010005001700019007001000036008004100046020001500087040002200102092001700124100002300141245009000164260005200254300002800306500008500334505031700419650004000736650005100776650003300827650001600860651002600876700002400902942001200926945003900938952011600977956003901093999001501132000012903DO-SdBNP20180306084752.0000012903091118s2010 dr ac 000 0 spa d a9945400134 aBPMSUbspacBPMSU a373.61bxxxx aSánchez, Olimpia00aLengua IV :bsegundo ciclo educación media /cOlimpia Sánchez, Juan Fco. Jáspez aSanto Domingo :bActualidad Escolar 2000,c2010 a266p. :bil. ;c29 cm. aLa Biblioteca posee la Guía metodológica del segundo ciclo educación media0 gv. 4 : segundo ciclotCiudadanos sin peatonestLas trampas de la economíatLos hombres y las matemáticastEl oro y la paztLos amansadorestEntre Lucas y Huan MejíatDocumentos oficialestSi alguien quiere saber cuál es mi patriatBolivartLa fiesta del chivotMadame BovarytOtra manera de ser emigrante aGRAMÁTICAxENSEÑANZA SECUNDARIA aEDUCACIÓN SECUNDARIAxREPÚBLICA DOMINICANA aGRAMÁTICAxLIBROS DE TEXTO aGRAMÁTICA xESTUDIOS Y EJERCICIOS12aJáspez, Juan Fco. 2ddccBK aremanejado para la BNPHU / 2018 VM 00102ddc40708CEaBPMETbBPMETd2016-04-18eDonaciónl0o373.61pBPMSU16040509r2016-04-18w2016-04-18yBK aVMATEOb10c20150813lBPMSUh00151 c9812d9812